Foundations of artificial intelligence and expert systems (Record no. 5690)

MARC details
000 -LEADER
fixed length control field 00376nam a2200145Ia 4500
003 - CONTROL NUMBER IDENTIFIER
control field SGT
082 ## - DEWEY DECIMAL CLASSIFICATION NUMBER
Classification number 6.3
Item number JAN
100 ## - MAIN ENTRY--PERSONAL NAME
Personal name Janakiraman,V.S
245 ## - TITLE STATEMENT
Title Foundations of artificial intelligence and expert systems
260 ## - PUBLICATION, DISTRIBUTION, ETC. (IMPRINT)
Name of publisher, distributor, etc Macmillan Publishers India Limted
Place of publication, distribution, etc New Delhi
Year of Publication 2013
300 ## - PAGE DESCRIPTION
No. of Pages 231p.
700 ## - ADDED ENTRY--PERSONAL NAME
Personal name Gopalakrishnan,P
700 ## - ADDED ENTRY--PERSONAL NAME
Personal name Sarukesi,K
942 ## - ADDED ENTRY ELEMENTS (KOHA)
Source of classification or shelving scheme Dewey Decimal Classification
Koha item type Books
942 ## - ADDED ENTRY ELEMENTS (KOHA)
-- 2
Holdings
Withdrawn status Lost status Source of classification or shelving scheme Damaged status Use restrictions Not for loan Collection code Home library Current library Shelving location Date acquired SGTU Total Checkouts Total Renewals Full call number Accession No. (Barcode) Date last seen Date last borrowed Bill Date Koha item type
    Dewey Decimal Classification   Restricted Access Not For Loan ENGINEERING SGT Engineering Library SGT Engineering Library Reference Book 25/01/2014 SGTU 25 4 6.3 JAN FE6274 23/11/2020 04/03/2020 09/02/2015 Books
    Dewey Decimal Classification         SGT Engineering Library SGT Engineering Library   25/01/2014 SGTU 29 10 6.3 JAN FE6275 12/06/2025 29/05/2025 09/02/2015 Books
    Dewey Decimal Classification         SGT Engineering Library SGT Engineering Library   25/01/2014 SGTU 2 1 6.3 JAN FE6276 07/09/2023 11/10/2022 09/02/2015 Books